00684nam a22002297a 4500005008200000008004100082010001700123020002200140020002500162035001700187035001300204037001700217040001700234082000600251100001600257245004900273260004400322270003700366300002300403490001900426366000900445http://192.168.1.99:8093/cgi-bin/koha/cataloguing/addbiblio.pl?frameworkcode=BKS#090119t xxu||||| |||| 00| 0 eng d aB-330888-903 a0590568922c95.00 a9780590568920c95.00 aB-330888-903 aB-358568 bThe Wise Owl aDPLbEnglish aS aStine, R.L. aThe blob that ate everyone /cby R.L. Stine  aNew YorkbScholastic Inc.c2008 (repr.) a557 BroadwaybNew YorkeNY 10012 a114p.c19cm. (pbk) aGoosebumps, 55 b2007